000 00746nam a22001815i 4500
001 171161
003 ES-MaACL
005 20230906214545.0
008 090430s1859 sp |||| | spa d
100 1 _aGarcía, Adolfo
_c[seud.]
_9225066
245 1 3 _aLa venta encantada
_b: zarzuela en tres actos y en verso /
_cletra de Adolfo García ; música de Antonio Reparaz.
260 _aMadrid :
_b[s.n.],
_c1859 (
_fImp. de José Rodríguez)
300 _a73 p. ;
_c18 cm.
500 _aSolo la letra.
700 1 _aReparaz, Antonio.
_996255
852 _aES-MaACL
_jF-8588(7)
_z. .- Enc. pasta española
_q- Falto de la cub. original
_z- Enc. en un vol. facticio formando parte de la col. "Teatro español moderno", vol. 41
999 _c171161
_d171161